[Event "Summer Team Tournament 2020"]
[Site "Skype"]
[Date "????.??.??"]
[Round "5"]
[White "Pouteau, Pascal"]
[Black "Gadow, Martin"]
[Result "1-0"]
[WhiteElo "1454"]
[BlackElo "1530"]
[PlyCount "35"]

1. d4 Nf6 2. Nf3 e6 3. Bf4 d5 4. e3 Bd6 5. Bg3 O-O 6. Bd3 b6 7. Nbd2 c5 8. c3
Nc6 9. Ne5 Qc7 10. f4 Bb7 11. Qc2 Rac8 12. Bh4 Nd7 13. Bxh7+ Kh8 14. O-O Ne7
15. Rf3 f5 16. Bxe7 Bxe7 17. Rh3 Nxe5 18. Bxf5+ 1-0

[Event "Summer Team Tournament 2020"]
[Site "Skype"]
[Date "????.??.??"]
[Round "5"]
[White "Pourtahmasbi, Ednun"]
[Black "Vincent, Andre"]
[Result "0-1"]
[WhiteElo "1305"]
[BlackElo "1328"]
[PlyCount "34"]

1. e4 c6 2. Nc3 d5 3. d4 Nf6 4. exd5 Nxd5 5. Nxd5 cxd5 6. Nf3 Nc6 7. Bb5 Qa5+
8. Bd2 Qxb5 9. b3 Bf5 10. Be3 e6 11. Ne5 Bb4+ 12. Bd2 Nxd4 13. Nd3 Bxd3 14.
cxd3 Bxd2+ 15. Qxd2 O-O 16. Qc3 Qb6 17. O-O Ne2+ 0-1

[Event "Summer Team Tournament 2020"]
[Site "Skype"]
[Date "????.??.??"]
[Round "5"]
[White "Gagnon, Sindy"]
[Black "Dib, Catherine"]
[Result "1/2-1/2"]
[WhiteElo "1031"]
[BlackElo "1070"]
[PlyCount "104"]

1. e4 c5 2. Bc4 Nc6 3. c3 Nf6 4. Qc2 g6 5. Nf3 Bg7 6. O-O O-O 7. Rd1 d6 8. d4
cxd4 9. cxd4 Bg4 10. Nbd2 Nd7 11. h3 Nxd4 12. Qd3 Bxf3 13. Nxf3 Rc8 14. Nxd4
Bxd4 15. Qxd4 Nb6 16. Bh6 e5 17. Qe3 Nxc4 18. Qxa7 Re8 19. Qxb7 Rb8 20. Qc6
Nxb2 21. Rd2 Qe7 22. a3 Red8 23. a4 Qh4 24. g3 Qxh6 25. f4 Qxh3 26. Rh2 Qxg3+
27. Kh1 Qxf4 28. a5 Qf3+ 29. Rg2 Nd3 30. Kh2 Nf4 31. Rg3 Qf2+ 32. Kh1 Qxg3 33.
Qc2 Nh3 34. Qh2 Qf3+ 35. Qg2 Qxg2+ 36. Kxg2 Nf4+ 37. Kf3 Rb3+ 38. Kf2 Rdb8 39.
Ra2 Rb2+ 40. Rxb2 Rxb2+ 41. Ke3 Re2+ 42. Kf3 h5 43. Kg3 g5 44. a6 g4 45. Kh4
Rh2+ 46. Kg3 Rg2+ 47. Kh4 Kg7 48. a7 Ra2 49. Kg3 Rxa7 50. Kh4 Kg6 51. Kg3 Ra2
52. Kh4 Rg2 1/2-1/2

[Event "Summer Team Tournament 2020"]
[Site "Skype"]
[Date "????.??.??"]
[Round "5"]
[White "Loaisiga Perez, Carlos Alberto"]
[Black "Elias, Roberto"]
[Result "1-0"]
[WhiteElo "1374"]
[BlackElo "1876"]
[PlyCount "101"]

1. e4 c5 2. Nf3 Nc6 3. d4 cxd4 4. Nxd4 e5 5. Nf3 Nf6 6. Nc3 Bb4 7. Bd3 d5 8.
Bd2 Bxc3 9. Bxc3 dxe4 10. Nxe5 Nxe5 11. Bb5+ Ned7 12. Qd6 a6 13. Bc4 Qb6 14.
Qf4 O-O 15. O-O-O Qc6 16. Bb3 a5 17. Rd6 Qc7 18. Rhd1 a4 19. Bd5 Ra6 20. Rxf6
Qxc3 21. bxc3 Rxf6 22. Qxe4 Nc5 23. Qd4 b6 24. Bc4 Bb7 25. f3 Rg6 26. Qd8 Rf6
27. Rd6 Rf4 28. Bb5 Bc8 29. Qxb6 Rf5 30. Rd8 Ne6 31. Rxf8+ Kxf8 32. Qd6+ Kg8
33. Qc6 g6 34. Qxc8+ Kg7 35. Bc4 Nf4 36. g3 Ng2 37. Qe8 Rxf3 38. Bd5 Rf1+ 39.
Kb2 Rf2 40. Qe5+ Kh6 41. Bxg2 Rxg2 42. Qf4+ Kg7 43. c4 Rxh2 44. c5 a3+ 45. Kb3
Re2 46. c6 Re8 47. c7 Kf8 48. Qd6+ Kg7 49. Qd8 Re3+ 50. Qd3 Re8 51. Qc3+ 1-0

[Event "Summer Team Tournament 2020"]
[Site "Skype"]
[Date "????.??.??"]
[Round "5"]
[White "Vello, Pablo"]
[Black "Chamorro Cajina, Ivan Antonio"]
[Result "1-0"]
[WhiteElo "1527"]
[BlackElo "1000"]
[PlyCount "65"]

1. d4 d5 2. Nc3 Nc6 3. Bf4 f6 4. e4 e5 5. exd5 Nce7 6. dxe5 fxe5 7. Bxe5 Ng6 8.
Bg3 Qf6 9. Bxc7 Bd6 10. Bxd6 Qxd6 11. Qe2+ N8e7 12. O-O-O O-O 13. Ne4 Nf4 14.
Nxd6 Nxe2+ 15. Nxe2 Bf5 16. Nxf5 Nxf5 17. Nc3 Nd6 18. f3 b5 19. Nxb5 Nxb5 20.
Bxb5 a6 21. Bc4 Rfc8 22. Bb3 Rc5 23. Rhe1 h6 24. d6+ Kh7 25. Re7 Rcc8 26. Ba4
Rab8 27. c3 a5 28. Rde1 Rc4 29. Bc2+ Kg8 30. Re8+ Rxe8 31. Rxe8+ Kf7 32. d7 Rd4
33. cxd4 1-0

[Event "Summer Team Tournament 2020"]
[Site "Skype"]
[Date "????.??.??"]
[Round "5"]
[White "Mendoza Lainez, Ricardo Jose"]
[Black "Bustos, Ricardo"]
[Result "1-0"]
[WhiteElo "1226"]
[BlackElo "1216"]
[PlyCount "29"]

1. e4 c5 2. Nc3 Nc6 3. f4 e6 4. Nf3 g6 5. e5 Bg7 6. d4 cxd4 7. Nxd4 Nge7 8. Bc4
Nxd4 9. Qxd4 Nf5 10. Qf2 Qb6 11. Qf3 Nd4 12. Qe4 Nf5 13. g4 d5 14. Bb5+ Ke7 15.
Qb4+ 1-0

[Event "Summer Team Tournament 2020"]
[Site "Skype"]
[Date "????.??.??"]
[Round "5"]
[White "Da Silva, Sidnei Silvestre"]
[Black "Calderon, Francisco"]
[Result "0-1"]
[WhiteElo "1566"]
[BlackElo "1683"]
[PlyCount "67"]

1. d4 d5 2. Bf4 e6 3. e3 Bd6 4. Bg3 Nf6 5. Bd3 c5 6. c3 Nc6 7. Nf3 O-O 8. Qc2
Bxg3 9. hxg3 h6 10. Nbd2 c4 11. Be2 Bd7 12. O-O b5 13. Rfe1 a5 14. b3 a4 15. e4
Nxe4 16. Nxe4 axb3 17. axb3 cxb3 18. Qxb3 dxe4 19. Nd2 e3 20. fxe3 Rb8 21. Ne4
Ne7 22. Nc5 Bc6 23. Nxe6 fxe6 24. Qxe6+ Kh8 25. Ra7 Rb7 26. Rxb7 Bxb7 27. Bxb5
Bd5 28. Qe5 Rf5 29. Qxf5 Nxf5 30. e4 Qe7 31. e5 Nxg3 32. Bd3 Qh4 33. Kf2 Nh1+
34. Ke2 0-1

[Event "Summer Team Tournament 2020"]
[Site "Skype"]
[Date "????.??.??"]
[Round "5"]
[White "Pezzolato, Erica"]
[Black "Lopes, Marcia Maria"]
[Result "1-0"]
[WhiteElo "1458"]
[BlackElo "1363"]
[PlyCount "62"]

1. c4 c6 2. Nc3 Nf6 3. Nf3 e6 4. g3 d5 5. cxd5 cxd5 6. Bg2 Nc6 7. d4 Bb4 8. O-O
O-O 9. Bd2 Qb6 10. e3 Bd7 11. Qe2 Rac8 12. a3 Bxc3 13. bxc3 Rfe8 14. Rab1 Qc7
15. Rb2 Na5 16. Rfb1 Ne4 17. Ne5 Nf6 18. Nxd7 Qxd7 19. c4 b6 20. Bxa5 bxa5 21.
cxd5 exd5 22. Rb7 Qa4 23. Qd3 Qc2 24. Qb5 Ne4 25. Bxe4 Qxe4 26. Qd7 Rf8 27. Qe7
Qxe7 28. Rxe7 Rb8 29. Rxb8 Rxb8 30. Rxa7 h5 31. Rxa5 Rd8 1-0

[Event "Summer Team Tournament 2020"]
[Site "Skype"]
[Date "????.??.??"]
[Round "5"]
[White "Carvalho, Cleiton Francisco de"]
[Black "Bosetti, Giancarlo"]
[Result "1-0"]
[WhiteElo "1000"]
[BlackElo "1356"]
[PlyCount "57"]

1. d4 d5 2. Nf3 Nf6 3. h3 e6 4. Bf4 Bd6 5. Ne5 O-O 6. e3 Nh5 7. Qxh5 Qf6 8. Bd3
g6 9. Qe2 Nc6 10. Ng4 Qg7 11. Bh6 Qh8 12. Bxf8 Kxf8 13. f4 Kg7 14. c3 Bd7 15.
Ne5 Nxe5 16. fxe5 Be7 17. Nd2 Qe8 18. h4 h5 19. g4 Qh8 20. gxh5 Qxh5 21. Qxh5
gxh5 22. Ke2 Kh8 23. Raf1 Rf8 24. Nf3 a6 25. Ng5 f6 26. exf6 Bxf6 27. Nh7 Rf7
28. Rxf6 Rxf6 29. Nxf6 1-0

[Event "Summer Team Tournament 2020"]
[Site "Skype"]
[Date "????.??.??"]
[Round "5"]
[White "De Fazio, Monica"]
[Black "Dorneles, Luis Eduardo"]
[Result "1-0"]
[WhiteElo "1125"]
[BlackElo "1011"]
[PlyCount "113"]

1. e4 e5 2. Nf3 Nc6 3. Bb5 a6 4. Bxc6 dxc6 5. Nxe5 Qd4 6. Ng4 Qxe4+ 7. Ne3 Bh3
8. d3 Qe6 9. gxh3 Qxh3 10. Nc3 Bd6 11. Qg4 Qxg4 12. Nxg4 h5 13. Ne3 Nf6 14. Ne4
Nxe4 15. dxe4 O-O 16. Nf5 Rfe8 17. f3 Bc5 18. Be3 Bxe3 19. Nxe3 f5 20. Nxf5 Rf8
21. Rg1 Kh8 22. Rxg7 Rxf5 23. exf5 Kxg7 24. O-O-O Rf8 25. Rg1+ Kh6 26. Rg6+ Kh7
27. Rg5 h4 28. Rh5+ Kg7 29. Rg5+ Kh6 30. f4 b5 31. Rg6+ Kh7 32. Rg4 Rxf5 33.
Rxh4+ Kg6 34. c3 a5 35. Rh8 Rxf4 36. Rc8 Rf1+ 37. Kd2 Ra1 38. Rxc7 Rxa2 39. Kc2
Ra1 40. Rxc6+ Kf5 41. Rc5+ Ke4 42. h4 b4 43. h5 bxc3 44. Rxc3 Rh1 45. Rc5 Ke3
46. Kc3 Ke4 47. Rxa5 Ke3 48. b4 Ke4 49. Kc4 Rh4 50. b5 Rxh5 51. Ra6 Rh7 52. Kc5
Ke5 53. b6 Ke6 54. Kc6 Ke7 55. Ra7+ Kd8 56. Rxh7 Kc8 57. Rh8# 1-0

[Event "Summer Team Tournament 2020"]
[Site "Skype"]
[Date "????.??.??"]
[Round "5"]
[White "Casey, Eamonn"]
[Black "Le Brun, Yves"]
[Result "1-0"]
[WhiteElo "1671"]
[BlackElo "1611"]
[PlyCount "73"]

1. d4 d5 2. c4 c6 3. cxd5 Qxd5 4. Nc3 Qd8 5. Bf4 Nf6 6. h3 e6 7. Nf3 Bd6 8.
Bxd6 Qxd6 9. e3 b6 10. Bd3 Bb7 11. O-O Nbd7 12. Rc1 Rd8 13. Qe2 O-O 14. Rfd1
Nd5 15. Ne4 Qe7 16. Nfg5 h6 17. Qh5 N7f6 18. Nxf6+ Nxf6 19. Qh4 Rfe8 20. Nf3
Nh7 21. Qg3 Rd5 22. Ne5 f5 23. Nxc6 Qd6 24. Qxd6 Rxd6 25. Nxa7 Nf6 26. Nb5 Rc6
27. Rxc6 Bxc6 28. Rc1 Bd5 29. a3 Re7 30. Rc8+ Kf7 31. Rc7 Rxc7 32. Nxc7 Be4 33.
Bc4 Nd5 34. Nxd5 Bxd5 35. Bxd5 exd5 36. a4 Ke6 37. b4 1-0

[Event "Summer Team Tournament 2020"]
[Site "Skype"]
[Date "????.??.??"]
[Round "5"]
[White "Galani, Mahendra"]
[Black "Mordaa, Ahmad"]
[Result "0-1"]
[WhiteElo "1458"]
[BlackElo "1571"]
[PlyCount "104"]

1. Nc3 e5 2. e4 Nf6 3. Nf3 Nc6 4. Bb5 a6 5. Bxc6 dxc6 6. Nxe5 Nxe4 7. Qf3 Nf6
8. d3 Bd6 9. Nc4 Bc5 10. O-O O-O 11. Ne4 Nxe4 12. Qxe4 Re8 13. Qf3 Be6 14. Nd2
Bd5 15. Ne4 Bd6 16. Qg4 Bxe4 17. dxe4 Qf6 18. c3 Qe5 19. g3 Qxe4 20. Qxe4 Rxe4
21. Be3 Rd8 22. Rad1 Rde8 23. Rfe1 Bc5 24. b4 Bxe3 25. fxe3 Kf8 26. Kf2 f5 27.
Rd7 R4e7 28. Rd4 b6 29. Rf4 g6 30. g4 Rf7 31. Ke2 fxg4 32. Rxg4 Kg7 33. Rh1
Ref8 34. Rg2 Rf3 35. h4 h5 36. Rhg1 R8f6 37. a4 Rh3 38. Rd1 Rxh4 39. Rd7+ Rf7
40. Rxf7+ Kxf7 41. Rf2+ Ke6 42. Rg2 Rg4 43. Rf2 Ke7 44. Kd3 h4 45. e4 h3 46.
Rh2 Rg3+ 47. Kd4 g5 48. c4 Ke6 49. c5 g4 50. cxb6 cxb6 51. e5 Rg2 52. Ke4 Rxh2
0-1

[Event "Summer Team Tournament 2020"]
[Site "Skype"]
[Date "????.??.??"]
[Round "5"]
[White "Borg, Anthony"]
[Black "Milanese, Serge"]
[Result "1/2-1/2"]
[WhiteElo "1236"]
[BlackElo "1277"]
[PlyCount "60"]

1. e4 c6 2. Nf3 d5 3. e5 Bf5 4. d3 e6 5. Bd2 Nd7 6. Be2 h6 7. O-O Be7 8. Nc3
Bg5 9. Bxg5 hxg5 10. Nd4 Nxe5 11. Nxf5 exf5 12. d4 Nd7 13. Re1 Ngf6 14. Bd3+
Kf8 15. Bxf5 Qc7 16. g3 g6 17. Bd3 Kg7 18. Be2 Rh6 19. Qd2 Rah8 20. Qxg5 Rxh2
21. Bf3 Qd6 22. Kf1 Ne4 23. Nxe4 dxe4 24. Rxe4 Nf6 25. Rf4 Rh1+ 26. Bxh1 Rxh1+
27. Ke2 Rxa1 28. Rxf6 Qe7+ 29. Kd3 Qxf6 30. Qxf6+ Kxf6 1/2-1/2

[Event "Summer Team Tournament 2020"]
[Site "Skype"]
[Date "????.??.??"]
[Round "5"]
[White "Hernandez, Ivan"]
[Black "Abdulrazzaq, Mohsen"]
[Result "0-1"]
[WhiteElo "1000"]
[BlackElo "1000"]
[PlyCount "56"]

1. e4 e5 2. Nf3 Nc6 3. Bb5 Nf6 4. Bxc6 dxc6 5. d3 Be7 6. O-O Bg4 7. h3 Bxf3 8.
Qxf3 O-O 9. Nd2 Qd7 10. c3 Rad8 11. d4 exd4 12. cxd4 Qxd4 13. Re1 Bb4 14. e5
Bxd2 15. Bxd2 Qxd2 16. exf6 Rfe8 17. Rad1 Rxe1+ 18. Kh2 Rxd1 19. g4 Qd6+ 20.
Kg2 Qxf6 21. Qxf6 gxf6 22. h4 R1d2 23. h5 Rxb2 24. Kh3 c5 25. g5 Rd4 26. Kg3
Rxa2 27. g6 Ra3+ 28. Kg2 fxg6 0-1

[Event "Summer Team Tournament 2020"]
[Site "Skype"]
[Date "????.??.??"]
[Round "5"]
[White "Alvarez, Juan Evangelista"]
[Black "Hilton, Stephen"]
[Result "1/2-1/2"]
[WhiteElo "1575"]
[BlackElo "1741"]
[PlyCount "98"]

1. d4 Nf6 2. Nf3 g6 3. Bf4 Bg7 4. Nbd2 d5 5. e3 O-O 6. Bd3 b6 7. c3 Bb7 8. Ne5
Nbd7 9. Ndf3 c5 10. h4 Nxe5 11. Bxe5 Qc8 12. Qe2 Qg4 13. O-O-O Ne4 14. Bxg7
Kxg7 15. Qf1 Rac8 16. h5 cxd4 17. Nxd4 Qd7 18. f3 Nd6 19. hxg6 hxg6 20. Rh3 Qa4
21. Kb1 e5 22. Ne2 e4 23. fxe4 dxe4 24. Bc2 Qc6 25. Qf4 Rcd8 26. g4 Nc4 27.
Qh6+ Kf6 28. Rf1+ Ke7 29. Qg5+ f6 30. Qxg6 Nd2+ 31. Kc1 Nxf1 32. Rh7+ Kd6 33.
Qf5 Qd5 34. Qxf1 Rd7 35. Bb3 Qd3 36. Qf4+ Kc5 37. Rxd7 Qxd7 38. Nd4 Bd5 39. g5
b5 40. gxf6 Bxb3 41. Nxb3+ Kb6 42. Qxe4 Rxf6 43. Qd4+ Qxd4 44. exd4 Rf2 45. Nd2
Kc6 46. Kc2 Kd5 47. Kd3 Rh2 48. b3 Rh3+ 49. Kc2 Rh2 1/2-1/2

[Event "Summer Team Tournament 2020"]
[Site "Skype"]
[Date "????.??.??"]
[Round "5"]
[White "Hague, Mark"]
[Black "Simone, Valeria"]
[Result "1/2-1/2"]
[WhiteElo "1490"]
[BlackElo "1453"]
[PlyCount "109"]

1. d4 Nf6 2. Bf4 e6 3. Nd2 c5 4. dxc5 Bxc5 5. e3 b6 6. Ngf3 Bb7 7. c3 d5 8.
Bb5+ Bc6 9. Qa4 Bxb5 10. Qxb5+ Qd7 11. a4 Qxb5 12. axb5 O-O 13. O-O Nh5 14. Be5
Nd7 15. Bd4 Bxd4 16. Nxd4 Rfc8 17. Nc6 Rc7 18. Nf3 a5 19. Ra2 Nb8 20. Nfe5 f6
21. Nxb8 fxe5 22. Nc6 Rac8 23. Rfa1 Nf6 24. b4 Ne4 25. bxa5 Nxc3 26. axb6 Rb7
27. Rb2 Nxb5 28. Rxb5 Rxc6 29. Rab1 Kf7 30. Kf1 Ke7 31. Ke2 Kd6 32. Kd3 Rc5 33.
R5b4 Ra5 34. R1b2 Ra3+ 35. Ke2 Ra1 36. Rb1 Rxb1 37. Rxb1 Kc6 38. Kf3 h5 39. h4
Rf7+ 40. Kg3 Rb7 41. Kh3 d4 42. Rb3 dxe3 43. Rxe3 Kd5 44. g4 hxg4+ 45. Kxg4
Rxb6 46. Kg5 e4 47. Kg6 Rb7 48. Rg3 Ke5 49. h5 Kf4 50. Kh7 g5+ 51. Kg6 Rb8 52.
h6 g4 53. Kg7 Kg5 54. h7 Rb7+ 55. Kg8 1/2-1/2

[Event "Summer Team Tournament 2020"]
[Site "Skype"]
[Date "????.??.??"]
[Round "5"]
[White "Pasasin, Alejandro"]
[Black "Ryan, Lea"]
[Result "1-0"]
[WhiteElo "1251"]
[BlackElo "1371"]
[PlyCount "27"]

1. d4 d5 2. Bf4 Nf6 3. Nf3 e6 4. e3 Nbd7 5. Bd3 Bb4+ 6. c3 Ba5 7. Nbd2 O-O 8.
O-O Re8 9. Ne5 Nxe5 10. dxe5 Ng4 11. Qxg4 h6 12. Bxh6 Kf8 13. Bxg7+ Kg8 14.
Bf6+ 1-0

[Event "Summer Team Tournament 2020"]
[Site "Skype"]
[Date "????.??.??"]
[Round "5"]
[White "Codina, Teresa"]
[Black "Martinez, Danny"]
[Result "0-1"]
[WhiteElo "1189"]
[BlackElo "1000"]
[PlyCount "66"]

1. d4 Nf6 2. c4 g6 3. Nc3 Bg7 4. Nf3 O-O 5. Bf4 d6 6. h3 Nbd7 7. e3 c5 8. Be2
Qb6 9. Qc1 cxd4 10. exd4 e5 11. dxe5 dxe5 12. Bg5 e4 13. Be3 Qd8 14. Nh2 Ne5
15. O-O Re8 16. Rd1 Nd3 17. Qc2 Be6 18. c5 Qc7 19. b4 Nxb4 20. Qb1 Nbd5 21.
Nxd5 Nxd5 22. Bd4 Rad8 23. Bxg7 Kxg7 24. Qxe4 Bf5 25. Qf3 Qxc5 26. Rac1 Qe7 27.
Bd3 Bxd3 28. Rxd3 Nb4 29. Rxd8 Rxd8 30. Qc3+ Kg8 31. a3 Na2 32. Qe3 Qxe3 33.
fxe3 Nxc1 0-1

[Event "Summer Team Tournament 2020"]
[Site "Skype"]
[Date "????.??.??"]
[Round "5"]
[White "Rapaire, Jean-Michel"]
[Black "De Almeida, Renato Barbosa"]
[Result "1-0"]
[WhiteElo "1880"]
[BlackElo "1630"]
[PlyCount "103"]

1. e4 e5 2. Nf3 Nf6 3. Nxe5 Qe7 4. Nf3 Nxe4 5. Qe2 d5 6. d3 Nd6 7. Nc3 c6 8.
Bf4 Qxe2+ 9. Bxe2 Be7 10. O-O O-O 11. Rfe1 Nf5 12. d4 Bf6 13. Rad1 Re8 14. Bg5
Bxg5 15. Nxg5 h6 16. Nf3 Nd7 17. Bd3 Rxe1+ 18. Rxe1 Nf6 19. Nd1 Bd7 20. h3 Re8
21. Rxe8+ Nxe8 22. c3 Nfd6 23. Ne3 Nf6 24. Ne5 Be6 25. f3 Nd7 26. Nxd7 Bxd7 27.
Kf2 Kf8 28. h4 f5 29. g3 Kf7 30. a3 Kf6 31. c4 dxc4 32. Bxc4 b5 33. Bd3 Be6 34.
Ke2 g5 35. hxg5+ hxg5 36. Kd2 f4 37. gxf4 gxf4 38. Nd1 Bd5 39. Ke2 Ke6 40. Nf2
Nc4 41. Bxc4 Bxc4+ 42. Kd2 Kd5 43. Nd3 Kxd4 44. Nxf4 a5 45. Ne2+ Ke5 46. Ke3
Bxe2 47. Kxe2 Kf4 48. b4 c5 49. bxa5 b4 50. axb4 cxb4 51. a6 b3 52. Kd2 1-0

[Event "Summer Team Tournament 2020"]
[Site "Skype"]
[Date "????.??.??"]
[Round "5"]
[White "Souza, Joselito Dos Santos"]
[Black "L'Herbon de Lussats, Jean"]
[Result "1-0"]
[WhiteElo "1428"]
[BlackElo "1413"]
[PlyCount "101"]

1. d4 Nf6 2. c4 c5 3. d5 g6 4. Nf3 d6 5. h3 Bg7 6. Nc3 a6 7. e3 O-O 8. Be2 Nbd7
9. O-O Ne5 10. Re1 Bd7 11. Nh2 b5 12. b3 bxc4 13. f4 Nd3 14. Bxd3 cxd3 15. Qxd3
a5 16. e4 Bc8 17. e5 Nd7 18. Nf3 Ba6 19. Qe3 f5 20. Ng5 Re8 21. Ne6 Qb8 22.
Nxg7 Kxg7 23. Bb2 h5 24. Na4 Kh7 25. e6 Nb6 26. Qc3 Rg8 27. Nxb6 Qxb6 28. Kh2
Bb7 29. Red1 a4 30. h4 axb3 31. axb3 Qd8 32. b4 Rxa1 33. Bxa1 Qa8 34. bxc5 Bxd5
35. cxd6 exd6 36. e7 Bxg2 37. Rxd6 Qe8 38. Kxg2 Qxe7 39. Qe5 Qxh4 40. Rd7+ Kh6
41. Qg7+ Rxg7 42. Bxg7+ Kh7 43. Bf6+ Kg8 44. Bxh4 Kf8 45. Kg3 Ke8 46. Rg7 Kf8
47. Rxg6 Kf7 48. Rg5 Ke6 49. Rxh5 Kd5 50. Rxf5+ Ke4 51. Kg4 1-0

[Event "Summer Team Tournament 2020"]
[Site "Skype"]
[Date "????.??.??"]
[Round "5"]
[White "Carlos Souza, Fernando"]
[Black "Boudet, Nicole"]
[Result "1-0"]
[WhiteElo "1000"]
[BlackElo "1068"]
[PlyCount "87"]

1. c4 e5 2. g3 c5 3. Bg2 Nf6 4. e3 Nc6 5. Ne2 d5 6. cxd5 Nxd5 7. O-O Be7 8. d4
Be6 9. Nbc3 Nxc3 10. Nxc3 O-O 11. d5 Bxd5 12. Nxd5 Bd6 13. b3 a5 14. Bb2 f6 15.
Qc2 Qd7 16. Nb6 Nb4 17. Qc4+ Qf7 18. Qxf7+ Kxf7 19. Nxa8 Rxa8 20. Rfd1 Ke6 21.
e4 g6 22. Bh3+ f5 23. exf5+ gxf5 24. Bxf5+ Ke7 25. Rd2 h6 26. a3 Nc6 27. Rad1
Nd4 28. Bxd4 cxd4 29. Re2 Kf6 30. Be4 Ra7 31. a4 b6 32. Rc2 Bc5 33. Bd3 Kg5 34.
Re2 Kf6 35. Rf1 Rg7 36. f4 Rg4 37. fxe5+ Kg7 38. e6 h5 39. Kg2 h4 40. e7 Rxg3+
41. hxg3 h3+ 42. Kxh3 Bxe7 43. Rxe7+ Kh6 44. Rh7+ 1-0

[Event "Summer Team Tournament 2020"]
[Site "Skype"]
[Date "????.??.??"]
[Round "5"]
[White "Hernandez, Joaquin"]
[Black "Balci Gungor, Ayca"]
[Result "0-1"]
[WhiteElo "1300"]
[BlackElo "1070"]
[PlyCount "60"]

1. d4 d5 2. Bf4 e6 3. Nf3 Nc6 4. e3 Nf6 5. Be2 Bb4+ 6. c3 Ba5 7. Nbd2 O-O 8.
Ng5 h6 9. Ngf3 Bd7 10. Qc2 Re8 11. Ne5 Nxe5 12. dxe5 Ne4 13. Nxe4 dxe4 14.
O-O-O Qe7 15. Qxe4 Bc6 16. Qc2 Rad8 17. Rd2 Qh4 18. Bg3 Qe4 19. Qxe4 Bxe4 20.
Rxd8 Rxd8 21. Bh4 Rd5 22. Bg3 Bxg2 23. Rg1 Be4 24. Bf4 g5 25. h4 b5 26. hxg5
hxg5 27. Rxg5+ Kf8 28. Rh5 b4 29. Rh8+ Kg7 30. Rh1 Bxh1 0-1

[Event "Summer Team Tournament 2020"]
[Site "Skype"]
[Date "????.??.??"]
[Round "5"]
[White "Cuellar, Jose Gabriel"]
[Black "Care Garcia, Jose Joaquin"]
[Result "0-1"]
[WhiteElo "1686"]
[BlackElo "1632"]
[PlyCount "68"]

1. d4 Nf6 2. Bf4 c5 3. e3 cxd4 4. exd4 d5 5. c3 e6 6. Nf3 Nc6 7. Bd3 Be7 8.
Nbd2 Bd7 9. h3 Rc8 10. O-O O-O 11. a3 Be8 12. Ne5 Nd7 13. Ng4 Nf6 14. Be3 Bd6
15. f4 Ne4 16. Nxe4 dxe4 17. Bxe4 f5 18. Bxc6 Bxc6 19. Ne5 Bxe5 20. dxe5 Qh4
21. Kh2 Rfd8 22. Qe2 a6 23. g3 Qe7 24. Rfd1 Bb5 25. Rxd8+ Qxd8 26. c4 Bxc4 27.
Qd2 Bd5 28. b4 Qe8 29. Rc1 Rxc1 30. Qxc1 Qb5 31. Qd2 Qf1 32. Bg1 Kf7 33. g4 Qf3
34. Qe3 Qg2# 0-1

[Event "Summer Team Tournament 2020"]
[Site "Skype"]
[Date "????.??.??"]
[Round "5"]
[White "Lezcano, Reina"]
[Black "Aceituno, Stebe"]
[Result "0-1"]
[WhiteElo "1131"]
[BlackElo "1590"]
[PlyCount "106"]

1. d4 Nf6 2. f4 d5 3. e3 Bf5 4. Nf3 e6 5. Nh4 Be4 6. Nf3 h6 7. Bd3 Bxd3 8. Qxd3
Be7 9. Ne5 O-O 10. O-O Nbd7 11. Nd2 Nxe5 12. fxe5 Nd7 13. Nf3 c5 14. c3 c4 15.
Qc2 Re8 16. Qf2 Nf8 17. Nd2 f6 18. e4 fxe5 19. Qf7+ Kh8 20. Rf3 Bf6 21. Rg3 Re7
22. Qh5 exd4 23. Nf3 Qe8 24. Qh3 dxe4 25. Bxh6 Kg8 26. Nxd4 Rf7 27. Rf1 Bxd4+
28. cxd4 Rxf1+ 29. Kxf1 Qf7+ 30. Ke2 Ng6 31. Bd2 Rf8 32. Kd1 Qf1+ 33. Kc2 e3
34. Qxe6+ Rf7 35. Qe8+ Rf8 36. Qxg6 Qd3+ 37. Qxd3 cxd3+ 38. Kxd3 exd2 39. Kxd2
Rf2+ 40. Kd3 Rxb2 41. d5 Rxa2 42. Kc4 Rd2 43. Rd3 Rxd3 44. Kxd3 Kf7 45. Ke4 a5
46. Ke5 a4 47. Kd6 a3 48. Kc7 a2 49. d6 a1=Q 50. d7 Qa7 51. d8=Q Qa5+ 52. Kc8
Qxd8+ 53. Kxd8 b5 0-1

[Event "Summer Team Tournament 2020"]
[Site "Skype"]
[Date "????.??.??"]
[Round "5"]
[White "Rodriguez, Liliana"]
[Black "Vasquez Giraldo, Yobani"]
[Result "0-1"]
[WhiteElo "1000"]
[BlackElo "1070"]
[PlyCount "52"]

1. e4 d5 2. Nc3 d4 3. Nce2 e5 4. d3 Bc5 5. Nf3 Bg4 6. h3 Bxf3 7. gxf3 Nc6 8.
Ng3 h6 9. Bg2 Nge7 10. O-O h5 11. Nf5 Nxf5 12. exf5 Qf6 13. Re1 O-O-O 14. a3
Qxf5 15. b4 Bb6 16. a4 Nxb4 17. a5 Bc5 18. a6 Nxa6 19. Ra4 Rhe8 20. Qd2 Rd6 21.
Ba3 Bxa3 22. Rxa3 Rg6 23. c3 Qxh3 24. Kf1 Qxg2+ 25. Ke2 Rf6 26. Rc1 Qxf3+ 0-1

[Event "Summer Team Tournament 2020"]
[Site "Skype"]
[Date "????.??.??"]
[Round "5"]
[White "Rosenkoetter, David"]
[Black "Abate, Leonardo"]
[Result "1-0"]
[WhiteElo "1286"]
[BlackElo "1000"]
[PlyCount "95"]

1. e4 c6 2. d4 d5 3. e5 Bf5 4. h4 h6 5. g4 Bh7 6. Bd3 Bxd3 7. Qxd3 e6 8. Ne2
Na6 9. a3 Ne7 10. h5 f5 11. exf6 gxf6 12. Nf4 Qd7 13. Be3 f5 14. Rg1 fxg4 15.
Rxg4 e5 16. f3 exf4 17. Bxf4 Rg8 18. Rxg8 Nxg8 19. Qe3+ Qe7 20. Qxe7+ Bxe7 21.
Be5 O-O-O 22. Nc3 Bf6 23. f4 c5 24. Nb5 Bxe5 25. fxe5 Kb8 26. c3 b6 27. Kd2 Rf8
28. Rg1 Nc7 29. Nxc7 Kxc7 30. Rg7+ Kb8 31. Rd7 Rf5 32. Rd8+ Kc7 33. Rxg8 Rxh5
34. e6 Rh2+ 35. Kc1 Re2 36. Rg7+ Kd6 37. Rxa7 Rxe6 38. dxc5+ bxc5 39. Ra6+ Kd7
40. Rxe6 Kxe6 41. Kd1 h5 42. Ke1 Ke5 43. a4 h4 44. a5 h3 45. Kf2 d4 46. a6 d3
47. a7 d2 48. Ke2 1-0

[Event "Summer Team Tournament 2020"]
[Site "Skype"]
[Date "????.??.??"]
[Round "5"]
[White "Briere, Jean"]
[Black "Reese, Evan"]
[Result "1-0"]
[WhiteElo "1388"]
[BlackElo "1235"]
[PlyCount "91"]

1. e4 e5 2. Nf3 d6 3. Nc3 Bd7 4. Bc4 g6 5. d3 h6 6. O-O Bg7 7. Be3 Nc6 8. a3
Nge7 9. h3 O-O 10. Qd2 Be6 11. Bxh6 Bxc4 12. Bxg7 Kxg7 13. dxc4 f6 14. Nd5 Nxd5
15. cxd5 Ne7 16. Rae1 Rh8 17. Re3 Qd7 18. Nh2 Raf8 19. Rf3 Ng8 20. Rg3 Nh6 21.
Ng4 Nxg4 22. Rxg4 Rh5 23. f4 f5 24. exf5 Rhxf5 25. g3 Qf7 26. c4 Kg8 27. h4 Qh7
28. Rg5 Qh6 29. Rf2 Rxg5 30. fxg5 Rxf2 31. Qxf2 Qh5 32. Kg2 Qg4 33. b3 Qe4+ 34.
Qf3 Qc2+ 35. Kh3 e4 36. Qe3 c6 37. Qxa7 Qxb3 38. Qd4 Qf3 39. dxc6 bxc6 40. Qxd6
Kh7 41. Qd7+ Kg8 42. Qe6+ Kf8 43. Qf6+ Qxf6 44. gxf6 e3 45. Kg2 Kf7 46. Kf3 1-0

[Event "Summer Team Tournament 2020"]
[Site "Skype"]
[Date "????.??.??"]
[Round "5"]
[White "Alverson, Ginny"]
[Black "Schnell, Nicolas"]
[Result "1-0"]
[WhiteElo "1016"]
[BlackElo "1104"]
[PlyCount "91"]

1. Nf3 e6 2. d4 Nc6 3. e3 Bb4+ 4. c3 Bd6 5. Bc4 Nf6 6. Nbd2 O-O 7. O-O Ng4 8.
h3 Nce5 9. dxe5 Bc5 10. hxg4 d6 11. Ne4 d5 12. Nxc5 Qe7 13. Bxd5 Qxc5 14. Be4
Re8 15. Ng5 f5 16. gxf5 Qxe5 17. Qh5 Bd7 18. Qxh7+ Kf8 19. Qh8+ Ke7 20. Qh7
exf5 21. Bxb7 Rab8 22. Bf3 f4 23. exf4 Qf5 24. Qxg7+ Kd6 25. Nf7+ Ke6 26. Re1+
Qe5 27. Nxe5 Re7 28. Qg4+ Kf6 29. Nxd7+ Rxd7 30. Qxd7 Rb6 31. Qd8+ Kf5 32. Be4+
Kg4 33. Qg8+ Kh4 34. Qh8+ Kg4 35. Bf3+ Kf5 36. Re5+ Kg6 37. Qh5+ Kf6 38. Qh6+
Kf7 39. Qh7+ Kf8 40. Qe7+ Kg8 41. Qe8+ Kg7 42. Re7+ Kf6 43. Qf8+ Kg6 44. Be4+
Kh5 45. Qh8+ Kg4 46. Qh3# 1-0